[Event "SEMI B041 email"]
[Site "SEMI email"]
[Date "2004.03.01"]
[Round "?"]
[White "Ferrara, Pietro"]
[Black "Crovatti, Stefano"]
[Result "0-1"]
[WhiteElo "1280"]
[BlackElo "1200"]
[PlyCount "34"]
[EventDate "2004.03.01"]
[EventType "tourn (corr)"]
[EventRounds "6"]
[EventCountry "ITA"]
[SourceTitle "Corr 2008"]
[Source "ChessBase"]
[SourceDate "2008.06.24"]
[SourceVersion "1"]
[SourceVersionDate "2008.06.24"]
[SourceQuality "1"]

1. e4 c5 2. d4 cxd4 3. c3 dxc3 4. Nxc3 e5 5. Nf3 Nc6 6. Bc4 Bb4 7. 0-0 Bxc3 8. bxc3 Qe7 9. Ng5 Nh6 10. f4 Qc5+ 11. Rf2 Qxc4 12. Bd2 exf4 13. Rxf4 Qc5+ 14. Rf2 Ne5 15. Kf1 Neg4 16. Rf4 Nxh2+ 17. Ke2 Qxg5 0-1